| 000 | 00583nam a2200193Ia 4500 | ||
|---|---|---|---|
| 003 | IN-BaIIA | ||
| 008 | 211028s9999 xx 000 0 eng d | ||
| 040 | _cIIA Library | ||
| 080 |
_a059(54) _bSWA-3 |
||
| 100 |
_aSwamikannu Pillai, L. D. _9841 |
||
| 245 | 3 |
_aAn Indian ephemeris _bvol. III, AD 1000 - AD 1199 _cL. D. Swamikannu Pillai |
|
| 260 |
_aMadras _bThe Superintendent Government Press _c1922 |
||
| 300 | _avi, 401p. | ||
| 650 |
_aAlmanacs _9842 |
||
| 650 | _aAstronomy and Astrophysics Thesaurus | ||
| 650 |
_aEphemeris _9843 |
||
| 650 |
_aIndian Ephemeris _9844 |
||
| 942 | _cBK | ||
| 999 |
_c381 _d381 |
||